000 00568nam a2200181 i 4500
001 133462
003 ES-MaACL
005 20250809025834.0
007 t|
008 070814m19421945it ||||1| ita d
245 0 0 _aStudi di storia e diritto in memoria di Guido Bonolis /
_ca cura della Universita di Macerata.
260 _aMilano :
_bA. Giuffré,
_c1942-1945.
300 _a2 v. :
_bretr. ;
_c25 cm.
650 1 7 _aDerecho-
_zItalia
_2
_9155182
700 1 _aBonolis, Guido.
_930292
852 _aES-MaACL
_jD-7183-4
_bR.31871
999 _c133462
_d133462